000 00536nam a2200193Ia 4500
005 20250508151135.0
008 008 250505s9999 xx 000 0 eng d
037 _aTextual
040 _aFEDL
_beng
_cFEDL
041 _aeng
_2eng
084 _a398.8, DAR
_qFEDL
100 _aDarwin Elinor
_9758501
245 0 _aNursery rhymes for certain times
260 _aLondon, UK
_bFaber and Faber Limited
300 _a124p.
700 _a Leathem Moyra
_9758502
942 _cTEXL
_h398.8, DAR
999 _c1327835
_d1327835